Statistics for rap song by lyrics 2

Click here to take the quiz!

General Stats

  • This quiz has been taken 7 times
  • The average score is 7 of 12

Answer Stats

lyricssong% Correct
Wenn du herkommst bring bitte eine Pizza rumWe made it
100%
Nach ner Mische denk ich du bist was ich such4:30
83%
Sneakers aus Italy, loco, wenn ich Henny sippfendi drip
83%
Ja, du teilst dir deine Wohnung mit 10 roomates7
67%
Du hast Airforce an, und mein hoodie ist VintageFrisch
67%
Pushe Packs, rauche Haze und das weißt du auch ganz genauParis freestyle
67%
Schwänze lutschen ist bei euch kleinen Pissern doch TraditionRoller
67%
Ich bin so fly wie ein Kapitän von dieser Lufthansaflotteballen ohne ball
50%
Ich bin nicht dumm, ich weiß, wie viel es kostetTopfit
50%
Sie will Sex und kriegt ihn tief in den Rachen,jaWaffen
50%
Ihr habt lang genug gewartet dass ne single erscheintvintage
33%
Geh ich auf Straße und hol mir mein chain, juwelier1234
17%

Score Distribution

Percentile by Number Answered

Percent of People with Each Score

Your Score History

You have not taken this quiz